Star Wars Clone Trooper Variants and Ranks - Statistics

General Stats
  • This quiz has been taken 1,044 times
    254 since last reset
  • The average score is 16 of 49
Answer Stats
Answer % Correct
Phase I
90%
Phase II
90%
Commander
88%
Marshal Commander
88%
Captain
87%
Clone Trooper
79%
Advanced Recon Commando
71%
Clone Pilot
58%
Stealth Clone Pilot
58%
Lieutenant
57%
Sergeant
57%
Clone Commando
56%
Clone Medical Officer
42%
Advanced Recon Force Trooper
41%
Private
38%
Cadet
37%
Corporal
37%
Clone Shock Trooper
35%
Clone Jetpack Trooper
34%
Clone Medic
34%
Clone Gunner
33%
Clone Sharpshooter
33%
Clone Navigation Officer
31%
Clone Scout Trooper
31%
Clone Communications Officer
30%
Clone Trooper Officer
30%
Clone SCUBA Trooper
28%
Major
23%
Clone Flametrooper
21%
Clone Ordnance Specialist
20%
Heavy Weapons Clone Trooper
19%
Clone Shadow Trooper
16%
AT-TE Driver
15%
Clone Paratrooper
15%
Clone Engineer
14%
Clone Artillery Trooper
12%
Clone X Trooper
12%
Biker Advanced Recon Commando
11%
Clone Comms Technician
11%
Galactic Marine
11%
Clone Riot Trooper
10%
Clone Cold Assault Trooper
8%
Clone Purge Trooper
8%
Dark Trooper
8%
Maintenance Duty Clone
6%
Special Ops Clone Trooper
5%
Clone Trooper Flight Crew
4%
Genetically Defective Clone
3%
Disguised Clone Trooper
2%
No matching quizzes found
Score Distribution
Percent of People with Each Score
Percentile by Number Answered
Your Score History
You have not taken this quiz since the last reset